Psych 230 Quiz Stats

 Plays Quiz not verified by Sporcle

Score 0/24 Timer 12:00
0 Plays Today
Hint Answer % Correct
speech, memory, hearingtemporal
92%
motivation and four f's (feeding, fleeing, fighting, fornicating)hypothalamus
92%
Higher cognitive processing, executive functionfrontal
88%
touch, proprioception, speechparietal
88%
visionoccipital
88%
hemispher communicatoincorpus callosum
88%
smellolfactory bulbs
80%
relay station for sensory inputthalamus
80%
visual input crosses over to contralateral sides of brainsoptic chiasm
76%
balance, sleeppons
76%
low level visual processingsuperior colliculus
76%
endocrine functions, production of melatoninpineal gland
76%
Hint Answer % Correct
emotion, memoryamygdala
76%
motor learning, balancecerebellum
72%
low level audiotory and vestibular processinginferior colliculus
72%
voluntary movement, pain, sensationspinal cord
64%
connects 3rd and 4th ventcile, allows csf to circulatecerebral aqueduct
64%
memoryhippocampus
64%
heart rate, respirationmedulla
60%
memorymammilary bodies
56%
major axon projections from hippocampusfornix
56%
full of cerebral spinal fluid has choroid plexuslateral ventricle
52%
in ventricles makes csfchoroid plexus
48%
attentioncingulate gyrus
40%

You're not logged in!

Compare scores with friends on all Sporcle quizzes.
OR
Log In

You Might Also Like...

Show Comments

Extras

Created Nov 21, 2011ReportNominate
Tags:michigan, psych

Top Quizzes Today


Score Distribution

Your Account Isn't Verified!

In order to create a playlist on Sporcle, you need to verify the email address you used during registration. Go to your Sporcle Settings to finish the process.

Report this User

Report this user for behavior that violates our Community Guidelines.

Details: